| 000 | 00583nam a2200229Ia 4500 | ||
|---|---|---|---|
| 008 | 180523s9999 xx 000 0 und d | ||
| 020 | _a978-981-4314-33-6 | ||
| 050 | _aMAIN HD 31 | ||
| 050 | _b.D34 2010 | ||
| 100 | _aDaft, Richard. | ||
| 245 | 0 | _aNew era of management : | |
| 245 | 0 | _bconcepts and applications / | |
| 245 | 0 | _cRichard L. Draft. | |
| 260 | _aSingapore : | ||
| 260 | _bCengage Learning, | ||
| 260 | _c2010 | ||
| 300 | _a669 pages : | ||
| 300 | _billustrations ; | ||
| 300 | _c23 cm. | ||
| 500 | _aIncludes index. | ||
| 650 | _aIndustrial management. | ||
| 999 |
_c356850 _d356850 |
||